Southville International School and Colleges
Your cart is empty.
  • Cart
  • Lists
    Public lists Eva Luna New books Lux_list list_1
    Your lists Log in to create your own lists
  • Log in to your account
  • Your cookies
  • Search history
Southville International School and Colleges
  • Advanced search
  • Recent comments
  • Most popular
  • Libraries

Log in to your account

Log in with GOOGLE


If you do not have an external account, but do have a local account, you can still log in:

  1. Home
  2. MARC view: Corporate finance :
Normal view MARC view ISBD view

Corporate finance : (Record no. 288976)

[ view plain ]
MARC details
000 -LEADER
fixed length control field 01237cam a22002894i 4500
001 - CONTROL NUMBER
control field 17568161
003 - CONTROL NUMBER IDENTIFIER
control field PILC
005 - DATE AND TIME OF LATEST TRANSACTION
control field 20151123161034.0
008 - FIXED-LENGTH DATA ELEMENTS--GENERAL INFORMATION
fixed length control field 121219s2014 ohua b 001 0 eng
010 ## - LIBRARY OF CONGRESS CONTROL NUMBER
LC control number 2012956078
020 ## - INTERNATIONAL STANDARD BOOK NUMBER
International Standard Book Number 9781133947530
040 ## - CATALOGING SOURCE
Original cataloging agency DLC
Language of cataloging eng
Transcribing agency DLC
Description conventions rda
042 ## - AUTHENTICATION CODE
Authentication code pcc
050 00 - LIBRARY OF CONGRESS CALL NUMBER
Classification number HG 4026
Item number .Eh37 2014
100 1# - MAIN ENTRY--PERSONAL NAME
Personal name Ehrhardt, Michael C.,
Dates associated with a name 1955-
245 10 - TITLE STATEMENT
Title Corporate finance :
Remainder of title a focused approach /
Statement of responsibility, etc Michael C. Ehrhardt, University of Tennessee, Eugene F. Brigham, University of Florida.
250 ## - EDITION STATEMENT
Edition statement 5th edition.
260 ## - PUBLICATION, DISTRIBUTION, ETC. (IMPRINT)
Place of publication, distribution, etc Australia :
Name of publisher, distributor, etc Cengage,
Date of publication, distribution, etc 2014.
300 ## - PHYSICAL DESCRIPTION
Extent xxix, 806 pages :
Other physical details color illustrations ;
Dimensions 27 cm.
500 ## - GENERAL NOTE
General note Includes access code for 6 months access to Thomson ONE, a Web-based portal product that provides integrated access to Thomson Reuters Financial content for the purpose of financial analysis. This is an educational version of the same financial resources used by Wall Street analysts on a daily basis!
650 #0 - SUBJECT ADDED ENTRY--TOPICAL TERM
Topical term or geographic name as entry element Corporations
General subdivision Finance.
700 1# - ADDED ENTRY--PERSONAL NAME
Personal name Brigham, Eugene F.,
Dates associated with a name 1930-
906 ## - LOCAL DATA ELEMENT F, LDF (RLIN)
a 7
b cbc
c origcop
d 2
e epcn
f 20
g y-gencatlg
942 ## - ADDED ENTRY ELEMENTS (KOHA)
Source of classification or shelving scheme Library of Congress Classification
Koha item type Books
Call number prefix Foreign
Holdings
Withdrawn status Lost status Source of classification or shelving scheme Damaged status Home library Current library Shelving location Date acquired Source of acquisition Cost, normal purchase price Sub Shelving location Total Checkouts Full call number Barcode Date last seen Price effective from Koha item type
    Library of Congress Classification   College Library College Library Reserve Section 11/23/2015 Library Fund 22748.00     HG 4026 .Eh37 2014 C20293 05/15/2018 11/23/2015 Books

Corporate finance :

APA

Ehrhardt M. C., Brigham E. F., . (2014). Corporate finance. Australia: Cengage.

Chicago

Ehrhardt Michael C, Brigham Eugene F, . 2014. Corporate finance. Australia: Cengage.

Harvard

Ehrhardt M. C., Brigham E. F., . (2014). Corporate finance. Australia: Cengage.

MLA

Ehrhardt Michael C, Brigham Eugene F, . Corporate finance. Australia: Cengage. 2014.

  • Place hold
  • Print
  • Cite
  • Add to your cart (remove)
  • Save record
    BIBTEX Dublin Core MARCXML MARC (non-Unicode/MARC-8) MARC (Unicode/UTF-8) MARC (Unicode/UTF-8, Standard) MODS (XML) RIS
  • More searches
    Search for this title in:
    Other Libraries (WorldCat) Other Databases (Google Scholar) Online Stores (Bookfinder.com) Open Library (openlibrary.org)

Exporting to Dublin Core...

SOUTHVILLE LIBRARY

Southville International School and Colleges Library

1281 Tropical Ave. Cor. Luxembourg St., BF Homes International, Las Pinas City

Tel. No. 8256374 / 252358 Loc. 117/146

Powered by Koha